| 000 | 00864nam a2200253 a 4500 | ||
|---|---|---|---|
| 001 | adlib96000001 | ||
| 003 | ViArRB | ||
| 005 | 200902210153555.7 | ||
| 008 | 960221s1955 dcuabcdjdbkoqu001 0deng d | ||
| 020 | _a | ||
| 022 | _a | ||
| 040 | _aAdlib | ||
| 082 | _a541.5/.6 | ||
| 245 | _aStructure and bonding | ||
| 250 | _a | ||
| 260 |
_aBerlin _b _c |
||
| 300 |
_a32v. _c |
||
| 500 | _a This library has v.21, 23-24, 26-29, 31, 32, 33. | ||
| 100 |
_a _e |
||
| 700 |
_a _a |
||
| 942 | _cBK | ||
| 653 |
_abonding _aChemical bonding _aAtomic chemistry _aMolecular chemistry _aChemistry _aSpectroscopy _aBiochemistry _aSpectrum analysis _aAcids _aBases- chemistry _aPhysical science _aScience _aChemical engineering _aBiotechnology _aChemical technology |
||
| 952 |
_w2010-06-16 _p00018205 _r2010-06-16 _40 _00 _bUL _10 _o541.5/.6 STR.41 _d2010-06-16 _70 _yBK _aUL |
||
| 999 |
_c15028 _d15027 |
||